[Event "CHI-ch qual"]
[Site "Quilpue"]
[Date "2016.11.19"]
[Round "1.4"]
[White "Morales Gutierrez, Daniel"]
[Black "Riquelme Cifuentes, Esteban"]
[Result "0-1"]
[WhiteElo "1226"]
[BlackElo "1454"]
[PlyCount "48"]
[EventDate "2016.11.19"]
[EventType "swiss"]
[EventRounds "6"]
[EventCountry "CHI"]
[SourceTitle "EXT 2024"]
[Source "ChessBase"]
[SourceDate "2023.10.10"]
[SourceVersion "1"]
[SourceVersionDate "2023.10.10"]
[SourceQuality "1"]

1. e4 c5 2. d4 cxd4 3. c3 dxc3 4. Nxc3 Nc6 5. Nf3 e6 6. Bc4 Bb4 7. Bd2 a6 8. 0-0 Nge7 9. a3 Bc5 10. Bf4 0-0 11. a4 f5 12. exf5 Nxf5 13. Ba2 Nfd4 14. Nxd4 Rxf4 15. Nxc6 bxc6 16. Ne2 Rf8 17. Rc1 Qb6 18. Rc2 Rxf2 19. Rxf2 Bxf2+ 20. Kh1 d5 21. Nf4 Bd7 22. g3 Rf8 23. Qe2 Be3 24. Nd3 Qd4 0-1